| 000 | | | 04509cmc2a2200000#x 450 |
| 001 | | | c12c5034-26f6-415d-8e64-13f7b836d05e |
| 005 | | | 20201006154304.0 |
| 100 | ## | $a | 20151203l18001832k l0rusy0189 ca |
| 101 | 0# | $a | rus |
| 102 | ## | $a | RU |
| 200 | 1# | $a | Дело о приостановлении отправления арестантов в Москву, Ригу, Санкт-Петербург и Финляндию по случаю открывшейся в данных местах болезни холеры |
| | $j | 21 октября 1800 г. - 24 сентября 1832 г. |
| 251 | ## | $c | Дело |
| 300 | ## | $a | Оригинальный заголовок дела: Дело по отношению генерал-адъютанта Бенкендорфа, о приостановлении отправления арестантов в Москву, по случаю свирепствующей в ней болезни холеры. Тут же о приостановлении отправления арестантов в Ригу, в Санкт-Петербург и в Финляндию |
| 300 | ## | $a | Рукописный текст. Чернила |
| 801 | #0 | $a | RU |
| | $b | РГИА |
| | $c | 20151203 |
| 801 | #1 | $a | RU |
| | $b | ГлавНИВЦ |
| | $c | 20151203 |
| | $2 | rusmarc |
| 801 | #2 | $a | RU |
| | $b | ПБ им. Б.Н. Ельцина |
| | $c | 20160621 |
| | $g | RCR |
| | $2 | rusmarc |
| 850 | ## | $a | Федеральное казенное учреждение "Российский государственный исторический архив" (РГИА) |
| 852 | ## | $a | РГИА |
| | $j | 536 |
| 937 | ## | $h | РГИА |
| | $d | 12164256 |
| | $a | ASBIBLIO_SCAN |
| 462 | #0 | $1 | 00100aa35af-4d9c-4c15-add6-f4c7b29d26b9 |
| | $1 | 2001 |
| | $a | 1830-1834 гг. Дела Департамента полиции исполнительной МВД за 1830 г. |
| | $v | Д. 536 |
| | $1 | 251 |
| | $c | Опись |
| | $1 | 852 |
| | $j | 5 |
| 215 | ## | $a | 134 л. |
| | $d | 36,5х26 см |
| 371 | ## | $a | Документ не является опубликованным и широко распространяемым |
| 105 | ## | $a | y### |
| 122 | 2# | $a | d18001021## |
| | $a | d18320924## |
| 461 | #0 | $1 | 0013e300ed0-cd39-49af-8489-5ba5b90fa401 |
| | $1 | 2001 |
| | $a | Департамент полиции исполнительной МВД |
| | $1 | 251 |
| | $c | Фонд |
| | $1 | 852 |
| | $j | 1286 |
| 035 | ## | $a | c12c5034-26f6-415d-8e64-13f7b836d05e |
| 605 | ## | $2 | acquisition_Prlib |
| | $3 | LIBNET\UAF\0000089563 |
| | $a | Предупреждение и борьба с эпидемиями в России |
| | $l | коллекция |
| 517 | 1# | $a | Дело по отношению генерал-адъютанта Бенкендорфа, о приостановлении отправления арестантов в Москву, по случаю свирепствующей в ней болезни холеры. Тут же о приостановлении отправления арестантов в Ригу, в Санкт-Петербург и в Финляндию |